• 首页
  • 本馆介绍
  • 公告通知
  • 最新文献
  • 馆藏检索
  • 电子资源
  • 读者荐购
  • 参考咨询
  • CALIS
  • 我的图书馆
  • 登录
  • 详细信息显示
  • 放入我的书架
  • 预约/预借图书
  • 作者相关作品
  • 分类相关作品
  • 丛书相关作品
  • 出版社相关作品

书目信息

  • 表格格式
  • 工作单格式
  • 卡片格式
题名:
2009全国注册监理工程师执业资格考试名师考前预测
    
 
作者: 马楠 , 龚东晓 主编 ;中华考试网考试命题研究组组 编
分册:  
出版信息: 沈阳   辽宁科学技术出版社  2008.12
页数: 93页
开本: 26cm
丛书名:
单 册:
中图分类: TU712-44
科图分类:
主题词: 建筑工程--jian zhu gong cheng--监督管理--考核--试题
电子资源:
ISBN: 978-7-5381-5763-5
 
 
 
 
 
000 01335nam0 2200277 450
001 012009531233
005 20090923151037.23
010    @a978-7-5381-5763-5@dCNY19.80
100    @a20090923d2008 em y0chiy0120 ea
101 0  @achi
102    @aCN@b210000
105    @ay z 000yy
106    @ar
200 1  @a2009全国注册监理工程师执业资格考试名师考前预测@A2009 quan guo zhu ce jian li gong cheng shi zhi ye zi ge kao shi ming shi kao qian yu ce@e建设工程合同管理最后8套题@f中华考试网考试命题研究组组编@Fzhong hua kao shi wang kao shi ming ti yan jiu zu zu bian
210    @a沈阳@c辽宁科学技术出版社@d2008.12
215    @a93页@d26cm
314    @a主编取自书中
330    @a本书内容包括九章:建设工程合同管理法律基础、合同法律制度、建设工程招标管理、建设工程委托监理合同、建设工程勘察设计合同管理、建设工程施工合同管理、建设工程物资采购合同管理、FIDIC合同条件下的施工管理和建设工程施工索赔。
517 1  @a建设工程合同管理最后8套题@Ajian she gong cheng he tong guan li zui hou 8 tao ti
606 0  @a建筑工程@Ajian zhu gong cheng@x监督管理@x考核@j试题
690    @aTU712-44@v4
701  0 @a马楠@Ama nan@4主编
701  0 @a龚东晓@Agong dong xiao@4主编
711 02 @a中华考试网考试命题研究组组@Azhong hua kao shi wang kao shi ming ti yan jiu zu zu@4编
801  0 @aCN@bQSSK@c20090923
905    @b758361-65@dTU712-44@eM116@f5
    
    2009全国注册监理工程师执业资格考试名师考前预测:建设工程合同管理最后8套题/中华考试网考试命题研究组组编.-沈阳:辽宁科学技术出版社,2008.12
    93页;26cm
    
    
    ISBN 978-7-5381-5763-5:CNY19.80
    本书内容包括九章:建设工程合同管理法律基础、合同法律制度、建设工程招标管理、建设工程委托监理合同、建设工程勘察设计合同管理、建设工程施工合同管理、建设工程物资采购合同管理、FIDIC合同条件下的施工管理和建设工程施工索赔。
●
相关链接 在E读中查询图书 在当当中查询图书 在豆瓣中查询图书


正题名:2009全国注册监理工程师执业资格考试名师考     索取号:TU712-44/M116         预约/预借

序号 登录号 条形码 馆藏地/架位号 状态 备注
1 758361   207583612   建筑库201/101建筑库 56排3列2层/ [索取号:TU712-44/M116] 在馆    
2 758362   207583621   土木与交通工程学院资料室/土木与交通学院资料室 1排1列1层/ [索取号:TU712-44/M116] 在馆    
3 758363   207583630   建筑库201/201建筑库 22排1列2层/ [索取号:TU712-44/M116] 在馆    
4 758364   207583649   建筑库201/201建筑库 22排1列2层/ [索取号:TU712-44/M116] 在馆    
5 758365   207583658   建筑库201/201建筑库 22排1列2层/ [索取号:TU712-44/M116] 在馆    
河南城建学院图书馆 欢迎您!
大连网信软件有限公司© 版权所有